Creación y gestión de redes de innovación y ecosistemas de emprendedores : (Record no. 177738)
[ view plain ]
| 000 -CABECERA | |
|---|---|
| campo de control de longitud fija | 01342nab a2200229 a 4500 |
| 005 - FECHA Y HORA DE LA ÚLTIMA TRANSACCIÓN | |
| campo de control | 20210219162517.0 |
| 008 - ELEMENTOS DE LONGITUD FIJA--INFORMACIÓN GENERAL | |
| campo de control de longitud fija | 991125s1985 mx 000 0 spa u |
| 035 ## - NÚMERO DE CONTROL DEL SISTEMA | |
| Número de control de sistema | UPN01000205637 |
| 049 ## - COLECCIÓN | |
| Colección | ART |
| 100 1# - ASIENTO PRINCIPAL--NOMBRE PERSONAL | |
| Nombre de persona | Villoch Bayod, Ignacio |
| 100 1# - ASIENTO PRINCIPAL--NOMBRE PERSONAL | |
| Nombre de persona | López de Toro, Cristóbal |
| 222 #0 - TÍTULO CLAVE | |
| Título clave | REVISTA DE ESTUDIOS DE JUVENTUD |
| 245 00 - MENCIÓN DE TÍTULO | |
| Título | Creación y gestión de redes de innovación y ecosistemas de emprendedores : |
| Resto del título | el caso del BBVA Innovation Center |
| 260 ## - PUBLICACIÓN, DISTRIBUCIÓN, ETC. | |
| Lugar de publicación, distribución, etc. | ESPAÑA |
| 300 ## - DESCRIPCIÓN FÍSICA | |
| Extensión | 181-190 |
| 362 0# - FECHAS DE PUBLICACIÓN Y/O DESIGNACIÓN SECUENCIAL | |
| Fecha de publicación y/o designación secuencial | 2015 Número 107, marzo |
| 520 ## - NOTA DE RESUMEN, ETC. | |
| Sumario, etc. | El BBVA Innovation Center es actualmente un centro de referencia en cuanto a innovación y emprendimiento juvenil se refiere. Desde su apertura en 2007 ha desarrollado una labor de formación y de desarrollo de una cultura de emprendimiento entre los jóvenes. En el presente artículo hacemos un recorrido por la historia y la motivación del BBVA Innovation Center. Igualmente, desde la experiencia de estos años, se analizan cuáles son las características de los jóvenes emprendedores y las herramientas necesarias para su desarrollo. Al mismo tiempo se analizan las variables del ecosistema de emprendedores y de las redes de innovación que se desarrollan en el Centro |
| 653 0# - TERMINO DE INDIZACION - NO CONTROLADO | |
| Término no controlado | EMPRENDEDORES |
| 653 0# - TERMINO DE INDIZACION - NO CONTROLADO | |
| Término no controlado | EMPRENDIMIENTO |
| 653 0# - TERMINO DE INDIZACION - NO CONTROLADO | |
| Término no controlado | JOVENES |
| 905 ## - TIPO DE MATERIAL | |
| Tipo de material | Articulo |
No items available.
